000 00417nam a22001457a 4500
005 20180216104842.0
008 180216b xxu||||| |||| 00| 0 eng d
040 _cPK-LaUMT
082 _aPKAC 070.44
_bKAL-M
100 _aKaleem Ahmed Ajiz
245 _aMeri zuban mera qalam/
_cKaleem Ahmed Ajiz
260 _aپٹنہ
_bخدا بخش اورینٹل پبلک لائبریری
_c2005
300 _a471
942 _cBK
999 _c103396
_d103396